[Event "Santa Rosa La Pampa op 7th"]
[Site "Santa Rosa La Pampa"]
[Date "2024.07.08"]
[Round "7"]
[White "Herrera, Raquel"]
[Black "Iribarren, Francisco"]
[Result "1-0"]
[WhiteElo "1611"]
[BlackElo "1859"]
[PlyCount "63"]
[EventDate "2024.07.06"]
[EventType "swiss"]
[EventRounds "7"]
[EventCountry "ARG"]
[SourceTitle "CB28_2024"]
[SourceDate "2024.07.10"]
[SourceVersion "1"]
[SourceVersionDate "2024.07.10"]
[SourceQuality "1"]

1. e4 e5 2. Nf3 Nc6 3. Bc4 Nf6 4. d3 d6 5. c3 Be7 6. Nbd2 a6 7. a4 Bg4 8. b4 d5 9. exd5 Nxd5 10. Qb3 Be6 11. 0-0 0-0 12. Re1 Nf4 13. Bxe6 Nxe6 14. Qc2 Bf6 15. Ne4 Be7 16. Bb2 Kh8 17. Rad1 Qe8 18. Ng3 Bd6 19. d4 exd4 20. Ng5 g6 21. Nxe6 fxe6 22. cxd4 Kg8 23. Qb3 Nxb4 24. Ne4 Nd5 25. Ng5 Nf4 26. g3 h6 27. gxf4 hxg5 28. Rxe6 Qf7 29. Rxg6+ Kh7 30. Re6 Qxf4 31. Qh3+ Qh4 32. Qd3+ 1-0